FIRST CLASS CATASTROPHE THE ROAD TO BLAC (Record no. 31618)

MARC details
000 -LEADER
fixed length control field 00356nam a2200133Ia 4500
008 - FIXED-LENGTH DATA ELEMENTS--GENERAL INFORMATION
fixed length control field 240624s9999 xx 000 0 und d
041 ## - LANGUAGE CODE
Language code of text/sound track or separate title eng
082 ## - DEWEY DECIMAL CLASSIFICATION NUMBER
Classification number 332.64 HEN
100 ## - MAIN ENTRY--PERSONAL NAME
Personal name HENRIQUES DIANA B
245 ## - TITLE STATEMENT
Title FIRST CLASS CATASTROPHE THE ROAD TO BLAC
260 ## - PUBLICATION, DISTRIBUTION, ETC.
Date of publication, distribution, etc. 2017
Place of publication, distribution, etc. New York
Name of publisher, distributor, etc. Henry Holt and Co
300 ## - PHYSICAL DESCRIPTION
Extent xviii, 393 p.; 23 cm.
365 ## - TRADE PRICE
Currency code
Price amount 35
Holdings
Withdrawn status Lost status Damaged status Not for loan Home library Current library Shelving location Date acquired Full call number Barcode Date last seen Copy number Price effective from Koha item type
        IMTN IMTN Rack 9-A 04/24/2019 332.64 HEN 31618 06/24/2024 72 06/24/2024 Books
Designed & Maintained by: LRC IMT Nagpur Contact: lrc@imtnag.ac.in© 2024. All Rights Reserved.